Documento firmado por la Reina Regente del Reino y Fernando de León y Castillo (Record no. 4640)
[ view plain ]
| 000 -CABECERA | |
|---|---|
| campo de control de longitud fija | 02389nam a2200325 a 4500 |
| 001 - NÚMERO DE CONTROL | |
| campo de control | BRCA_4946 |
| 005 - FECHA Y HORA DE LA ÚLTIMA TRANSACCIÓN | |
| campo de control | 20190320204855.0 |
| 008 - DATOS DE LONGITUD FIJA--INFORMACIÓN GENERAL | |
| campo de control de longitud fija | 211010s1887----mx-####f#v---#000-0#spa-# |
| 041 ## - CÓDIGO DE LENGUA | |
| Código de lengua del texto/banda sonora o título independiente | spa |
| 044 ## - CÓDIGO DEL PAÍS DE LA ENTIDAD EDITORA/PRODUCTORA | |
| Código MARC del país | mx |
| 084 ## - OTRO NÚMERO DE CLASIFICACIÓN | |
| Número de clasificación | DOC1 |
| Número de documento/Ítem | .H37 |
| -- | 1887 |
| -- | D1995 |
| 100 1# - ENTRADA PRINCIPAL--NOMBRE DE PERSONA | |
| Nombre de persona | Hasburgo-Lorena, María Cristina |
| Títulos y otros términos asociados al nombre | Reina Regente del Reino |
| Fechas asociadas al nombre | 1885-1902 |
| Término indicativo de función/relación | Casa de Borbón [segunda restauración] |
| 9 (RLIN) | 12565 |
| 245 10 - MENCIÓN DE TÍTULO | |
| Título | Documento firmado por la Reina Regente del Reino y Fernando de León y Castillo |
| Mención de responsabilidad, etc. | María Cristina Hasburgo-Lorena, Fernando de León y Castillo, Federico de Ramón. |
| 260 ## - PUBLICACIÓN, DISTRIBUCIÓN, ETC. | |
| Lugar de publicación, distribución, etc. | Madrid, España |
| Fecha de publicación, distribución, etc. | 1887 |
| 300 ## - DESCRIPCIÓN FÍSICA | |
| Extensión | [1] foja |
| Dimensiones | 37 x 26 cm. |
| 500 ## - NOTA GENERAL | |
| Nota general | Documento expedido a Don Federico de Ramón el 14 de abril de 1887 por la Reina Regente del Reino [María Cristina de Hasburgo-Lorena] y el Ministro de la Gobernación Fernando de León y Castillo |
| 500 ## - NOTA GENERAL | |
| Nota general | Papel con marca de agua |
| 500 ## - NOTA GENERAL | |
| Nota general | Al margen superior contiene sello Real Español e inscripción que dice: DON ALFONSO XIII. POR LA GRACIA DE DIOS Y LA CONSTITUCIÓN REY DE ESPAÑA. En su nombre y durante su menor edad LA REINA REGENTE DEL REINO |
| 500 ## - NOTA GENERAL | |
| Nota general | Estado de conservación: contiene roturas y acidez |
| 500 ## - NOTA GENERAL | |
| Nota general | Donación del Sr. Gonzalo Tassier 10 agosto 1995 |
| 505 0# - NOTA DE CONTENIDO CON FORMATO | |
| Nota de contenido con formato | Contenido: LA REINA REGENTE DEL REYNO. Por cuanto atendiendo almérito y servicios de vos Don Federico de Ramón he tenido a bien conoceros por Mi Real Decreto del doce del actual los honores de Jefe de Adminstración civil POR TANTO mando os sean guardados las consideraciones fueros y preeminencias que os correspondan como tal Jefe de Administración civil con arreglo al Real Decreto de Diez y ocho de junio de mil ochocientos cincuenta y dos y demás disposiciones vigentes dado en Palacio a catorce de abril de mil chocientos ochenta y siete |
| 506 0# - NOTA DE RESTRICCIONES AL ACCESO | |
| Limitaciones de acceso | Fondo reservado: para su consulta es necesario credencial de usuario y carta de motivos. |
| 546 ## - NOTA DE LENGUA/LENGUAJE | |
| Nota de lengua/lenguaje | Texto en: español de finales del siglo XIX |
| 600 14 - PUNTO DE ACCESO ADICIONAL DE MATERIA--NOMBRE DE PERSONA | |
| Nombre de persona | Hasburgo-Lorena, María Cristina |
| Títulos y otros términos asociados al nombre | Reina Regente del Reino |
| Fechas asociadas al nombre | 1885-1902 |
| Término indicativo de función/relación | Casa de Borbón [segunda restauración] |
| Subdivisión general | Historia |
| 9 (RLIN) | 12566 |
| 651 #4 - PUNTO DE ACCESO ADICIONAL DE MATERIA--NOMBRE GEOGRÁFICO | |
| Nombre geográfico | España |
| Subdivisión de forma | Impreso con rúbricas |
| Subdivisión general | Historia |
| Subdivisión cronológica | Siglo XIX |
| 9 (RLIN) | 12567 |
| 700 1# - PUNTO DE ACCESO ADICIONAL--NOMBRE DE PERSONA | |
| Nombre de persona | León y Castillo, Fernando |
| Títulos y otros términos asociados al nombre | Ministro de Gobernación |
| Fechas asociadas al nombre | 1842-1918 |
| 9 (RLIN) | 12568 |
| 700 1# - PUNTO DE ACCESO ADICIONAL--NOMBRE DE PERSONA | |
| Nombre de persona | Ramón, Federico de |
| Títulos y otros términos asociados al nombre | Jefe de Administración Civil |
| 9 (RLIN) | 12569 |
| 902 ## - CATALOGADOR | |
| Iniciales | DDH |
| 942 ## - ELEMENTOS DE PUNTO DE ACCESO ADICIONAL (KOHA) | |
| Fuente del sistema de clasificación o colocación | Library of Congress Classification |
| Tipo de ítem Koha | Documentos |
| Estado de retiro | Estado de pérdida | Estado dañado | No para préstamo | Localización permanente | Ubicación/localización actual | Fecha de adquisición | Total de préstamos | Signatura topográfica completa | Código de barras | Fecha visto por última vez | Precio válido a partir de | Tipo de ítem Koha |
|---|---|---|---|---|---|---|---|---|---|---|---|---|
| El ejemplar forma parte de la colección y puede ser consultado según las políticas vigentes. | Biblioteca del Museo Franz Mayer (Rogerio Casas-Alatriste) | Biblioteca del Museo Franz Mayer (Rogerio Casas-Alatriste) | 21/10/2010 | DOC1 .H37 1887 D1995 | 5007 | 22/03/2019 | 22/03/2019 | Documentos |